banner-ar

الاستشفاء فى المعابد الاغريقية بين الممارسة الروحانية والطبية / (Record no. 59948)

MARC details
000 -الفاتح
حقل البيانات ثابتة الطول 01180nam a22002417a 4500
005 - وقت وتاريخ اخر تعامل مع التسجيلة
رقم الضبط 20240530110345.0
008 - عناصر البيانات ثابتة الطول - معلومات عامة
حقل البيانات ثابتة الطول 141201s2009 ua frb 000 0 ara d
017 ## - رقم الايداع القانونى
رقم الايداع القانونى 16280/2009
المصدر ( الهيئة المختصة) مصر . دار الكتب المصرية
040 ## - مصدر الفهرسة
وكالة الفهرسة الأصلية EG-CaGPL
041 0# - رمز اللغة
رمز لغة النص/ المسارات الصوتية أو العنوان الانفرادي ara
082 04 - رقم تصنيف ديوى العشرى
رقم الطبعة 21
رقم التصنيف 610.938\
رقم المادة م إ
100 0# - المدخل الرئيسى - إسم شخصى
الإسم الشخصى محمد صلاح الدين سرور
العنوان والكلمات الأخرى المصاحبة للاسم استاذ الصدر بكلية الطب - جامعة الاسكندرية
-- دكتوراه فى تاريخ حضارة اليونان والرومان
245 12 - بيان العنوان
العنوان الاستشفاء فى المعابد الاغريقية بين الممارسة الروحانية والطبية /
بيان المسئوليه,etc محمد صلاح الدين سرور
260 ## - PUBLICATION, DISTRIBUTION, ETC. (IMPRINT)
تاريخ النشر أو التوزيع 2009
300 ## - الوصف المادى
التعداد 144 ص ؛
أبعاد الوعاء 24 سم
650 04 - المدخل الاضافى بالموضوع-مصطلح موضوعى
مصطلح موضوعي العلاج الدينى
التقسيم الفرعي العام تاريخ
التقسيم الفرعي الزمني الاغريق
650 04 - المدخل الاضافى بالموضوع-مصطلح موضوعى
مصطلح موضوعي الاساطير اليونانية
650 04 - المدخل الاضافى بالموضوع-مصطلح موضوعى
مصطلح موضوعي اسكليبيوس ( طبيب اغريقى )
650 04 - المدخل الاضافى بالموضوع-مصطلح موضوعى
مصطلح موضوعي الطب القديم
التقسيم الفرعي العام تاريخ
التقسيم الفرعي الزمني الاغريق
653 ## - مصطلح تكشيفى غير مقيد
مصطلح غير مقيد العلاج الدينى عند الاغريق
942 ## - عناصر المدخل الإضافي( كوها)
مصدر التصنيف او مخطط الترفيف Dewey Decimal Classification
Koha [default] item type كتاب
260 ## - PUBLICATION, DISTRIBUTION, ETC. (IMPRINT)
-- الاسكندرية :
-- دار المعرفة الجديدة ،
Holdings
حالة التراجع حالة الفقد حالة تلف ليس للاعارة المكان المؤقت الموقع الحالى تاريخ الاكتساب اجمالي اﻻعارات رقم الطلب الباركود تاريخ اخر مشاهدة تاريخ تفعيل السعر نوع وعاء كوها
        مكتبة القاهرة الكبرى مكتبة القاهرة الكبرى 12/01/2014   610.938\ م إ 158913 12/01/2014 12/01/2014 كتاب

Powered By

EGPV